Minecraft: Story Mode Quiz - Statistics

General Stats
  • This quiz has been taken 174 times
  • The average score is 14 of 20
Answer Stats
# Hint Answer % Correct
1 Who is the main character in the Story Mode: 1) Thomas. 2) Gabriel. 3) Magnus. 4) Jesse. 5) Olivia. Jesse
100%
3 Who is the redstone engineer at Minecarft Story Mode: 1) Elegaard. 2) Magnus. 3) Lukas. 4) Ivor. 5) Petra. Elegaard
96%
2 Who is the pet pig name: 1) Ruben. 2) Reuben. 3) Piggy. 4) Patrick. Ruben
96%
3 What is the name of the monster: 1) Wither Storm. 2) Wither null. 3) Withered Storm. 4) Wither. Yeah just Wither. Wither Storm
72%
5 How many skins can you pick to be Jesse: 1) 100. 2) It's over 9000!!!!!!! 3) 9. 4) 3. 5) 2. 6) 1. 7) 6. 8) Wait there is no skins for Jesse!! Who is Jesse anyway? 6
70%
2 How many episodes does Minecraft Story Mode has: 1) Null. 2) 2. 3) 4. 4) 10. 5) IT'S OVER 9000. 6) 9. 7) 100. 8) 5. 5
69%
4 Which episode that includes Enderman: 1) Episode 3 part 2. 2) Episode 2. 3) Episode 1. 4) Episode 3. Episode 3
69%
1 .... is the creator of Story Mode and ....: 1) TellTale and Google. 2) TellTale and Mojang. 3) Supercell and Mojang. 4) TellTale and Justin Bieber. 5) TellTale and Supercell. TellTale and Mojang
69%
4 Can you make a wither storm (no modes) in Minecraft? No
66%
3 Is Jesse a human? Yes
66%
5 Is a wither dangerous? Yes
66%
3 Is StampyLongNose and DanTDM in the game? Yes
65%
4 Is the wither storm dangerous? Yes
65%
5 Is Jesse your main character? Yes
65%
2 Who is the female character name with Jesse: 1) Jack. 2) Olivia. 3) Ben. 4) No one. Olivia
64%
1 Did Ruben died or Jesse died? Ruben
64%
1 Who is the voice actor of Jesse (Male): 1) Justin Bieber. 2) Donald Trump. 3) Patton Oswalt. 4) Tom Cruise. 5) Squidward <--- Squidward is ugly as hell. 6) DanTDM. Patton Oswalt
61%
4 What is the name of the episode 3: 1) The Order of the Stone. 2) Jesse's Storm. 3) Block and Dash. 4) The Soren's End Lab. 5) Assembly Required. 6) The Last Place You Look. The Order of the Stone
55%
2 What would you do if you saw someone dying: 1)Try to help. 2)Cry. 3)Make sure they live. 4) DIE!!!!!!!!!!!!!!!!!!!!! 5) Get help. 6) Calm them down and help. 7) Die with them. Make sure they live
54%
5 Speaking of monster, what do you need to create the monster anyway: 1) 1 poop block, 1 toilet paper and 1 command block. 2) 3 Ghoul Sand, i command Block and 3 skeleton heads. 3) 3 soul sand, 1 command block and 3 skeleton heads. 4) 3 soul sand, 1 command block and 3 wither skeleton heads. 3 Soul Sand, 1 Command Block and 3 wither skeleton heads.
53%
No matching quizzes found
Score Distribution
Percent of People with Each Score
Percentile by Number Answered
Your Score History
You have not taken this quiz